000 00543nam a2200181Ia 4500
001 11602
005 20260306162840.0
008 260306t2010||||xx |||||||||||||| ||spa||
041 _aESP
082 _a985.4
_bR63
100 _aRíos Vizcarra, Gonzalo
_eAUT
245 0 _aManual para la valoración y conservación del patrimonio arquitectónico de Arequipa:
_borientaciones básicas para el mantenimiento de la arquitectura doméstica
260 _c2010
300 _a
_c
650 _aGEN
654 _aCHU
942 _cLIB
_dJUS
_fJUS
_2ddc
_n
999 _c11602
_d11602